Online Catalogue and eLibrary

Paryeshana gatalu ha achara darma (Record no. 993)

MARC details
000 -LEADER
fixed length control field 00422nam a2200157Ia 4500
005 - DATE AND TIME OF LATEST TRANSACTION
control field 20250519030409.0
008 - FIXED-LENGTH DATA ELEMENTS--GENERAL INFORMATION
fixed length control field 240331s9999 xx 000 0 und d
020 ## - INTERNATIONAL STANDARD BOOK NUMBER
ISBN 9559662392
082 ## - DDC Classification
Class No. 300.72
Item Number - Author Mark GUN
245 #0 - TITLE STATEMENT
Title Paryeshana gatalu ha achara darma
260 ## - PUBLICATION, DISTRIBUTION, ETC.
Place of publication, distribution, etc. Colombo
Name of publisher, distributor, etc. Editor's Publication
Date of publication, distribution, etc. 2000
300 ## - PHYSICAL DESCRIPTION
Extent (e.g. Volumes, Pages etc.) 73 p .,
500 ## - GENERAL NOTE
General note Methods of Research & Ethics
700 ## - ADDED ENTRY--PERSONAL NAME
Personal name Gunasekara, U , Proof
Relator term (Role) Editor
942 ## - Koha item type (Biblio)
Koha item type Books in Stacks (Lending)
Holdings
Lost status Damaged status Collection code Home library Current library Shelving location Date acquired Full call number Accession Number Item type
    Lending WERC Library WERC Library Social Science Cupboard 03/31/2024 300.72 GUN 4663 Books in Stacks (Lending)

© WERC Library